00779cam a22002057a 4500003000500000005001700005008004100022010001000063011001000073035001000083040000900093100002600102245013000128260009600258300001000354650003800364650004700402700003300449710009100482CHAP20220329134057.0971013s r 00010 d a15071 a16043 a20121 cCHAP00aHerrera Rivera, Hugo. 0aEstudio sobre la asignación de recursos FIRA para empresas agrícolas en el Distrito de Riego 25, bajo Río Bravo, Tamps. aChapingo, Méx. :bENA. Colegio de Postgraduados. Centro de Economía Agrícola,c(s.a.) a23 h.14aCrédito agrícolaxTamaulipas.14aDistrito de Riego Bajo Río Bravo, Tamps.0 aChalita Tovar, Luis Eduardo.0 aFondo de Garantía y Fomento para la Agricultura, Ganadería y Avicultura. México.